Did THAT Person Direct THAT Movie? Quiz Stats

 Plays Quiz Updated Jul 23, 2018

Challenge
Share
Tweet
Embed
Score 0/26 Timer 05:00
1 Play Today
Director Answer % Correct
Guillermo del Toro???
90.1%
Christopher Nolan???
88.3%
Ang Lee???
85.2%
Kathryn Bigelow???
84.7%
David Lynch???
84%
Steven Spielberg???
83.9%
Sergio Leone???
83.4%
Ridley Scott???
81.3%
James Cameron???
81%
Woody Allen???
80.9%
Sofia Coppola???
78.9%
Alfred Hitchcock???
76.6%
Quentin Tarantino???
76.1%
Director Answer % Correct
Martin Scorsese???
73.9%
Peter Jackson???
73.9%
David Fincher???
73.6%
Francis Ford Coppola???
73.3%
M. Night Shyamalan???
70.8%
Roman Polanski???
59.6%
Ron Howard???
59.5%
Stanley Kubrick???
54.6%
Clint Eastwood???
54.3%
George Lucas???
49.7%
Nora Ephron???
44%
Judd Apatow???
38.4%
Tim Burton???
30.3%

You're not logged in!

Compare scores with friends on all Sporcle quizzes.
OR
Log In

You Might Also Like...

Show Comments

Extras

Top Quizzes Today


Score Distribution

Your Account Isn't Verified!

In order to create a playlist on Sporcle, you need to verify the email address you used during registration. Go to your Sporcle Settings to finish the process.

Report this User

Report this user for behavior that violates our Community Guidelines.

Details: